000
00429nam a2200181Ia 4500
008
090124s9999 xx 000 0 und d
082
_b
108746
100
_a
फडके कमला
245
_a
बंधन
250
_a
1
260
_c
1961
300
_a
219
600
_a
फडके कमला
630
_a
बंधन
700
_a
फडके कमला
730
_a
बंधन
942
_c
BOOK
999
_c
154837
_d
154837